| 000 | 00979nam a22002771 4500 | ||
|---|---|---|---|
| 001 | 28322 | ||
| 003 | BD-RjUL | ||
| 005 | 20211209051251.0 | ||
| 008 | 140330r19621914enk 001 0 engs | ||
| 035 | _a(BD-RjUL)28403 | ||
| 035 | _a(OCoLC)3084704 | ||
| 040 |
_aDLC _cUU _dBD-RjUL _beng |
||
| 041 | _aeng | ||
| 082 | 0 | 4 |
_219 _a121 _bBRE 1962 |
| 100 | 1 |
_aBradley, F. H. _q(Francis Herbert), _d1846-1924. _93414 |
|
| 245 | 1 | 0 |
_aEssays on truth and reality / _cF.H. Bradley. |
| 260 |
_aOxford : _bClarendon press, _c1914 [reprinted 1962]. |
||
| 300 |
_axvi, 480 p. ; _c24 cm. |
||
| 500 | _a"The present volume consists mainly of articles which have appeared in Mind. I have added a paper first printed in the Philosophical review, and there are also some essays which have not before been published."--Pref. | ||
| 504 | _aIncludes index. | ||
| 650 | 0 |
_aTruth. _986743 |
|
| 650 | 0 |
_aReality. _986744 |
|
| 942 |
_2ddc _cBK |
||
| 999 |
_c28322 _d28322 |
||